Capital Cities A to Z - shortest names - Statistics

General Stats
  • This quiz has been taken 1,134 times
    1,119 since last reset
  • The average score is 21 of 32
Answer Stats
letters capital % Correct
O 4 Oslo
84%
Q 5 Quito
84%
R 4 Rome
83%
L 4 Lima
82%
R 4 Riga
77%
Z 6 Zagreb
76%
P 5 Paris
74%
J 4 Juba
73%
B 4 Bern
72%
C 5 Cairo
72%
D 4 Doha
71%
S 4 Suva
70%
W 6 Warsaw
70%
D 4 Dili
69%
K 4 Kiev
69%
U 11 Ulaanbaatar
68%
I 9 Islamabad
67%
A 4 Apia
65%
B 4 Baku
65%
M 4 Malé
65%
L 4 Lomé
64%
H 5 Hanoi
62%
T 5 Tokyo
60%
V 5 Vaduz
60%
T 5 Tunis
56%
Y 5 Yaren
56%
F 8 Funafuti
52%
F 8 Freetown
44%
N 6 Niamey
42%
P 5 Praia
40%
G 6 Gitega
35%
N 6 Nassau
29%
No matching quizzes found
Score Distribution
Percent of People with Each Score
Percentile by Number Answered
Your Score History
You have not taken this quiz since the last reset